00458nam a2200145Ia 450000500170000000800410001710000180005824500460007626000160012230000110013865000240014994200070017399900150018095201170019520260328101451.0260328s9999||||xx |||||||||||||| ||und|| aCalver, Giles 0aWhat is Packaging Design? /cGiles Calver bRoto Vision a255 p. aDISEÑO INDUSTRIAL cBK c8665d8665 001040708GENaGPCbGPCcGENd2026-03-28i2462l0o745.24 C 1391p2462r2026-03-28 15:14:51t1w2026-03-28yBK